| 000 | 00462nam a2200169 4500 | ||
|---|---|---|---|
| 003 | SEACOMMC | ||
| 005 | 20250328132404.0 | ||
| 008 | 250328b |||||||| |||| 00| 0 eng d | ||
| 020 |
_a81-7660-171-3 _cRs.460.00 |
||
| 040 | _aSEACOMMC | ||
| 082 |
_a648.3123 _bG 411 |
||
| 100 | _aGhanekar Anjali | ||
| 245 | 1 |
_aEssentials of Performance Management _c Anjali Ghanekar |
|
| 260 |
_aKolkata _bEverest Publishing House _c2010 |
||
| 650 | _aManagement | ||
| 942 | _cBOOK | ||
| 999 |
_c1159 _d1159 |
||